শিক্ষাত প​ৰিমাপণ আৰু মূল্য়ায়ন​​ / Shikhyat Porimapon aru Mulyayon (Record no. 16361)

MARC details
000 -LEADER
fixed length control field 00776nam a22002417a 4500
008 - FIXED-LENGTH DATA ELEMENTS--GENERAL INFORMATION
fixed length control field 260417b |||||||| |||| 00| 0 eng d
020 ## - INTERNATIONAL STANDARD BOOK NUMBER
International Standard Book Number 978-93-5849-501-0
Price 350
040 ## - CATALOGING SOURCE
Original Cataloguing agency Sibsagar Commerce College Central Library
041 ## - LANGUAGE CODE
Language code of text/sound track or separate title Assamese
082 ## - DEWEY DECIMAL CLASSIFICATION NUMBER
Classification number 371.26
Book Number DEK
100 ## - MAIN ENTRY--PERSONAL NAME
Personal name Deka, N.
Fuller form of name Dr. Nabanita
245 ## - TITLE STATEMENT
Title শিক্ষাত প​ৰিমাপণ আৰু মূল্য়ায়ন​​ / Shikhyat Porimapon aru Mulyayon
Sub Title Measurement and Evaluation in Education
250 ## - EDITION STATEMENT
Edition statement 1st Ed.
260 ## - PUBLICATION, DISTRIBUTION, ETC.
Place of publication, distribution, etc. Dibrugarh
Name of publisher, distributor, etc. Pradyut Hazarika, Banalata
Date of publication, distribution, etc. 2026
300 ## - PHYSICAL DESCRIPTION
Pages 398p. ;
Dimensions 18 x 25 cm
650 ## - Subject
Subject Education
700 ## - Added Entry Personal Name
Personal Name Borah, Jyotirekha
700 ## - Added Entry Personal Name
Personal Name Buragohain, Rimarekha
700 ## - Added Entry Personal Name
Personal Name Gohain, Bituraj
700 ## - Added Entry Personal Name
Personal Name Saikia, Pallabi
942 ## - ADDED ENTRY ELEMENTS (KOHA)
Source of classification or shelving scheme Dewey Decimal Classification
Koha item type Books
Holdings
Withdrawn status Lost status Source of classification or shelving scheme Damaged status Not for loan Collection code Home library Current library Shelving location Date acquired Source of acquisition Cost, normal purchase price Total Checkouts Full call number Barcode Date last seen Copy number Cost, replacement price Price effective from Koha item type
    Dewey Decimal Classification     Education Sibsagar Commerce College Central Library Sibsagar Commerce College Central Library General Stacks 10/04/2026 Kitap Ghar 350.00   371.26 DEK 29458 17/04/2026 1 700.00 17/04/2026 Books
    Dewey Decimal Classification     Education Sibsagar Commerce College Central Library Sibsagar Commerce College Central Library General Stacks 10/04/2026 Kitap Ghar 350.00   371.26 DEK 29459 17/04/2026 2 700.00 17/04/2026 Books
    Dewey Decimal Classification     Education Sibsagar Commerce College Central Library Sibsagar Commerce College Central Library General Stacks 10/04/2026 Kitap Ghar 350.00   371.26 DEK 29460 17/04/2026 3 700.00 17/04/2026 Books
    Dewey Decimal Classification     Education Sibsagar Commerce College Central Library Sibsagar Commerce College Central Library General Stacks 10/04/2026 Kitap Ghar 350.00   371.26 DEK 29461 17/04/2026 4 700.00 17/04/2026 Books


Sibsagar Commerce College © 2020. All rights reserved.
Powered by Koha.
Hosted by LIBKART.